书目信息 |
| 题名: |
计算机局域网与 Windows NT 实用教程
|
|
| 作者: | 尚晓航 , 陈强 著 | |
| 分册: | ||
| 出版信息: | 北京 清华大学出版社 1999.10 |
|
| 页数: | 330页 | |
| 开本: | 16开 | |
| 丛书名: | ||
| 单 册: | ||
| 中图分类: | TP393.1 | |
| 科图分类: | ||
| 主题词: | 计算机应用 | |
| 电子资源: | ||
| ISBN: | 7-302-03960-7 | |
| 000 | 00639nam0 2200205 45 | |
| 001 | 0011151958 | |
| 005 | 20001115190704.3 | |
| 010 | @a7-302-03960-7@d27.50元 | |
| 100 | @a20001115d1999 km y0chiy0120 ea | |
| 101 | 0 | @achi |
| 105 | @a z 000yy | |
| 200 | 1 | @a计算机局域网与 Windows NT 实用教程@AJi Suan Ji Ju Yu Wang Yu Windows NT Shi Yong Jiao Cheng@f尚晓航,陈强著@FShang Xiao Hang,Chen Qiang Zhu |
| 210 | @a北京@c清华大学出版社@d1999.10 | |
| 215 | @a330页@d16开 | |
| 606 | 0 | @a计算机应用 |
| 690 | @aTP393.1@v3 | |
| 701 | 0 | @a尚晓航@4著 |
| 701 | 0 | @a陈强@4著 |
| 801 | @aCN@bPftUser@c20001115 | |
| 905 | @b407942-946@dTP393.1@eSH308@f5 | |
| 计算机局域网与 Windows NT 实用教程/尚晓航,陈强著.-北京:清华大学出版社,1999.10 |
| 330页;16开 |
| ISBN 7-302-03960-7:27.50元 |
| ● |
| 相关链接 |
|
|
|
正题名:计算机局域网与Windows NT实用教程
索取号:TP393.1/SH308
 
预约/预借
| 序号 | 登录号 | 条形码 | 馆藏地/架位号 | 状态 | 备注 |
| 1 | 407942 | 204079424 | 自科二线504/504自科库 7排1列3层/ [索取号:TP393.1/SH308] | 在馆 | |
| 2 | 407943 | 204079433 | 自科二线404/301自科库 129排2列3层/ [索取号:TP393.1/SH308] | 在馆 | |
| 3 | 407944 | 204079442 | 自科二线504/504自科库 7排1列3层/ [索取号:TP393.1/SH308] | 在馆 | |
| 4 | 407945 | 204079451 | 期刊室512/301自科库 132排2列4层/ [索取号:TP393.1/SH308] | 在馆 | |
| 5 | 407946 | 204079460 | 期刊室512/301自科库 132排2列4层/ [索取号:TP393.1/SH308] | 在馆 |